|
|
|
|
| LEADER |
00000nam0a2200000 4500 |
| 001 |
329332 |
| 005 |
20231102004142.0 |
| 035 |
|
|
|a (RuTPU)RU\TPU\book\355092
|
| 090 |
|
|
|a 329332
|
| 100 |
|
|
|a 20170313d1973 m y0rusy50 ca
|
| 101 |
0 |
|
|a rus
|
| 102 |
|
|
|a RU
|
| 105 |
|
|
|a a j 001zy
|
| 200 |
1 |
|
|a Масштабность в технике
|e лекция
|f Р. П. Повилейко
|g Новосибирский электротехнический институт (НЭТИ)
|
| 210 |
|
|
|a Новосибирск
|c Изд-во Новосибирского электротехнического института
|d 1973
|
| 215 |
|
|
|a 107 с.
|c ил.
|
| 320 |
|
|
|a Библиогр.: с. 102-106
|
| 606 |
1 |
|
|a Конструирование художественное
|2 stltpush
|3 (RuTPU)RU\TPU\subj\15402
|9 41644
|
| 610 |
1 |
|
|a техника
|
| 610 |
1 |
|
|a масштабность
|
| 610 |
1 |
|
|a тектоника
|
| 610 |
1 |
|
|a формы
|
| 610 |
1 |
|
|a расчеты
|
| 610 |
1 |
|
|a материалы
|
| 610 |
1 |
|
|a национальные особенности
|
| 610 |
1 |
|
|a указатели
|
| 610 |
1 |
|
|a экономика
|
| 610 |
1 |
|
|a станкостроение
|
| 610 |
1 |
|
|a композиционность
|
| 610 |
1 |
|
|a корректировки
|
| 610 |
1 |
|
|a масштаб
|
| 610 |
1 |
|
|a лекции
|
| 610 |
1 |
|
|a учебные пособия
|
| 675 |
|
|
|a 658.512.23(075.8)
|v 4
|
| 700 |
|
1 |
|a Повилейко
|b Р. П.
|g Рюрик Петрович
|
| 712 |
0 |
2 |
|a Новосибирский электротехнический институт (НЭТИ)
|c (1950-1992)
|2 stltpush
|3 (RuTPU)RU\TPU\col\203
|
| 801 |
|
1 |
|a RU
|b 63413507
|c 20170313
|
| 801 |
|
2 |
|a RU
|b 63413507
|c 20170314
|g RCR
|
| 942 |
|
|
|c BK
|